| 000 | 00658nam a2200217 i 4500 | ||
|---|---|---|---|
| 001 | bg | ||
| 100 | 1 |
_aSKRZYDŁO, Wiesław _d(1929- ) |
|
| 245 | 1 | 0 |
_aKonstytucja Rzeczypospolitej Polskiej : _bkomentarz / _cWiesław Skrzydło. |
| 250 | _aStan prawny na 1 czerwca 2000 r. | ||
| 260 |
_aKraków : _b"Zakamycze", _c2000. |
||
| 300 |
_a330 s. ; _c20 cm. |
||
| 651 | 9 |
_aPolska _xkonstytucja 1997 r. |
|
| 020 | _a838855171X | ||
| 040 | _cBPK | ||
| 041 | 0 | _apl | |
| 080 | _a342.4(438) | ||
| 920 | _a83-88551-71-X | ||
| 942 | _cKS | ||
| 008 | s pl f |000 0 pol | ||
| 999 |
_c39960 _d39960 |
||
| 856 |
_uhttp://koha.tu.koszalin.pl/cgi-bin/koha/opac-detail.pl?biblionumber=39960 _yKatalog online BPK |
||